00499 2200205 4500001002100000005001500021035002000036245005200056100001700108250000600125300003100131260003600162082001100198084001700209020000600226600001000232990001700242990001700259990001700276INLIS00000000000155920230510025123 a0010-05230000081 aBeruang yang Adil dan Bijaksana /cAhmad Filyan0 aAhmad Filyan a- a32 hlm. :bilus. ;c21 cm. a[ s.i ] :bSerba Jaya,c[ s.a ] a398.24 a398.24 AHM b a- 4aFabel a05077/H/2023 a05259/P/2024 a05260/P/2024